| 000 | 00626nam a22002177a 4500 | ||
|---|---|---|---|
| 005 | 20230717092913.0 | ||
| 008 | 230717b ||||| |||| 00| 0 eng d | ||
| 020 | _a818719071X | ||
| 040 | _cAL | ||
| 041 | _aEnglish | ||
| 082 |
_223 _a322.440 _bZELB |
||
| 100 |
_aEleanor Zelliot _9127239 |
||
| 245 | _aBabasaheb Ambedkar and The Untouchable Movement | ||
| 260 |
_aNew Delhi _bBlumoon Books _c2004 |
||
| 300 |
_ax,278 p. _bPB _c21.5x13.5 cm. |
||
| 650 |
_aIndia--Maharashtra _9127240 |
||
| 650 |
_aPolitics and government _9127241 |
||
| 650 |
_aDalits _9127242 |
||
| 700 |
_aZELLIOT (Eleanor) _9127243 |
||
| 942 |
_2ddc _cDB |
||
| 999 |
_c227911 _d227911 |
||